000 00721cam a22002292 4500
001 0000019894
005 20151217152203.0
008 110302s xx 000 0 eng d
020 _a0321709318 :
040 _aKABU
_cKABU
100 1 _aStine, Robert.
_@0000179865
245 1 0 _aStatistics for business :
_bdecision making and analysis /
_cRobert Stine, Dean Foster.
250 _a1st ed.
260 _aBoston :
_bAddidon,
_c2011.
300 _a1 v.. (various paging) +
_e1 CD-ROM.
650 0 _aCommercial statistics.
_@0000149884
650 0 _aStatistics.
_@0000149871
700 1 _aFoster, Dean.
_@0000179866
852 1 _9p3100 KES
908 _a110302
950 _@1
999 _c9120
_d9120